[Event "14th Asrian Memorial 2024"]
[Site "Yerevan ARM"]
[Date "2024.04.29"]
[Round "6.4"]
[White "Babujian, Levon"]
[Black "Davtyan, Artur"]
[Result "1-0"]
[WhiteTitle "GM"]
[BlackTitle "IM"]
[WhiteElo "2338"]
[BlackElo "2474"]
[WhiteFideId "13301993"]
[BlackFideId "13308327"]
[EventDate "2024.04.24"]

1. e4 c5 2. Nf3 d6 3. d4 cxd4 4. Nxd4 Nf6 5. Nc3 a6 6. Be3 e5 7. Nb3 Be6 8. f3
h5 9. Qd2 Nbd7 10. Nd5 Bxd5 11. exd5 g6 12. O-O-O Nb6 13. Qa5 Bh6 14. Bxh6 Rxh6
15. Kb1 Kf8 16. c4 Kg7 17. c5 Nbxd5 18. Bc4 Ne3 19. Rxd6 Qe7 20. Qc3 Nxg2 21.
Na5 Rc8 22. b4 h4 23. Rhd1 Rh5 24. c6 bxc6 25. Bxa6 Ra8 26. Nxc6 Qc7 27. b5 Rf5
28. Qb2 Ne3 29. b6 Nxd1 30. bxc7 Nxb2 31. Nb8 Ne8 32. Rxg6+ Kxg6 33. c8=Q Rf6
34. Bb7 Ra4 35. Qxe8 Rb4 36. Qg8+ Kh5 37. Qh8+ Kg5 38. Qg7+ Rg6 39. Qxe5+ Kh6
40. Qh8+ Kg5 41. Qd8+ Rf6 42. Qa5+ 1-0

[Event "14th Asrian Memorial 2024"]
[Site "Yerevan ARM"]
[Date "2024.04.29"]
[Round "6.5"]
[White "Korshunov, Sergey And."]
[Black "Shahinyan, David"]
[Result "1/2-1/2"]
[BlackTitle "IM"]
[WhiteElo "2286"]
[BlackElo "2441"]
[WhiteFideId "34274715"]
[BlackFideId "13304380"]
[EventDate "2024.04.24"]

1. e4 e6 2. d4 d5 3. e5 Bd7 4. Nf3 a6 5. Be2 Bb5 6. O-O Bxe2 7. Qxe2 Ne7 8. Rd1
Nd7 9. b3 Ng6 10. c4 c6 11. Nbd2 Be7 12. Nf1 O-O 13. g3 Re8 14. h4 h6 15. h5 Nh8
16. Bf4 f6 17. Ne3 Nf7 18. Ng4 f5 19. Ne3 Nf8 20. Ng2 Ng5 21. Be3 Ne4 22. Rac1
Ba3 23. Rc2 a5 24. Nd2 Nxd2 25. Bxd2 Be7 26. Nf4 dxc4 27. Qxc4 Bg5 28. Nd3 Bxd2
29. Rdxd2 Qe7 30. Nf4 Nd7 31. Kg2 Rad8 32. Qc3 Ra8 33. Rb2 Nb6 34. Qc5 Ra6 35.
Rbc2 Qd7 36. Re2 Qf7 37. Qd6 Raa8 38. Qc5 Ra6 39. Qd6 Raa8 40. Qc5 Nc8 41. Rb2
Ne7 42. b4 axb4 43. Qxb4 Nd5 44. Qxb7 Nxf4+ 45. gxf4 Qxh5 46. Re3 Qf7 47. Rg3
Ra7 48. Qxc6 Rc7 49. Qa4 Rc1 50. Rc2 Qb7+ 51. Rf3 Rc8 52. Qb3 Qd7 53. Rxc8+ Rxc8
54. Rd3 Rd8 55. a4 Kh7 56. Qb5 Qf7 57. Qc6 Rb8 58. d5 Rb1 59. Qxe6 Qh5 60. Rh3
Qg4+ 61. Rg3 Qh5 62. Rh3 Qg4+ 63. Rg3 1/2-1/2

[Event "14th Asrian Memorial 2024"]
[Site "Yerevan ARM"]
[Date "2024.04.29"]
[Round "6.6"]
[White "Hakobyan, Erik"]
[Black "Danielyan, Vahe"]
[Result "0-1"]
[WhiteTitle "FM"]
[BlackTitle "IM"]
[WhiteElo "2383"]
[BlackElo "2331"]
[WhiteFideId "13313940"]
[BlackFideId "13304828"]
[EventDate "2024.04.24"]

1. e4 e5 2. Nf3 Nc6 3. Bc4 Bc5 4. c3 Nf6 5. d3 d6 6. O-O a5 7. h3 h6 8. Re1 O-O
9. Nbd2 Be6 10. Bb5 Qb8 11. Nf1 Qa7 12. Be3 Bxe3 13. Nxe3 Ne7 14. Ba4 Ng6 15.
Bc2 Qb6 16. b3 Rfe8 17. Qd2 Rad8 18. d4 c6 19. Rad1 Qc7 20. c4 Bc8 21. Qc3 exd4
22. Qxd4 Nf4 23. Nd2 Re5 24. Nf3 Ree8 25. Nd2 Re7 26. Ndf1 Ne6 27. Qa1 Nc5 28.
f3 Nh5 29. Rd2 Nf4 30. Ng3 g6 31. Kf2 Re5 32. Red1 Qe7 33. a3 h5 34. b4 Nce6 35.
c5 Nxh3+ 36. gxh3 Ng5 37. Rxd6 Re8 38. Ke2 Nxh3 39. Kd2 Qg5 40. Nf1 Nf2 41. Re1
Qf4 42. Kc3 Qxf3 43. Nd2 Qf4 44. Nec4 Rg5 45. Rf1 Bh3 46. Re1 h4 47. Re3 Bg2 48.
e5 Bd5 49. Rf6 Qh2 50. Qf1 Rg2 51. Re2 Ng4 52. e6 Rxe6 53. Rxf7 Rexe2 54. Rf8+
Kg7 0-1

[Event "14th Asrian Memorial 2024"]
[Site "Yerevan ARM"]
[Date "2024.04.29"]
[Round "6.7"]
[White "Sukiasyan, Vahe A."]
[Black "Nigalidze, Gaioz"]
[Result "1-0"]
[BlackTitle "IM"]
[WhiteElo "2258"]
[BlackElo "2373"]
[WhiteFideId "13317245"]
[BlackFideId "13603078"]
[EventDate "2024.04.24"]

1. d4 c5 2. d5 g6 3. e4 d6 4. Nc3 Bg7 5. Nf3 Nf6 6. Bb5+ Bd7 7. a4 O-O 8. h3 Na6
9. O-O Nc7 10. Bc4 a6 11. e5 Nfe8 12. Qe2 dxe5 13. Nxe5 Nd6 14. Bf4 Be8 15. Ba2
b5 16. Rad1 b4 17. Ne4 Bxa4 18. Nc6 Bxc6 19. dxc6 Ncb5 20. Nxc5 Qa5 21. Bb3 Nd4
22. Rxd4 Bxd4 23. Nd7 Rfe8 24. Rd1 Bg7 25. Qf3 Qf5 26. g4 Qe4 27. Qxe4 Nxe4 28.
Nb6 Rac8 29. Nxc8 Rxc8 30. Rd7 Nc5 31. Rxe7 Nxb3 32. cxb3 g5 33. Rc7 Re8 34.
Bxg5 Bxb2 35. Rd7 Kg7 36. c7 Rc8 37. Bf4 1-0

[Event "14th Asrian Memorial 2024"]
[Site "Yerevan ARM"]
[Date "2024.04.29"]
[Round "6.8"]
[White "Nalbandyan, Vahan"]
[Black "Sahakyan, Aleks"]
[Result "1-0"]
[BlackTitle "FM"]
[WhiteElo "2110"]
[BlackElo "2339"]
[WhiteFideId "13309439"]
[BlackFideId "13316338"]
[EventDate "2024.04.24"]

1. e4 e5 2. Nf3 Nc6 3. Bb5 a6 4. Ba4 Bc5 5. O-O Nge7 6. c3 Ba7 7. d4 Ng6 8. Bg5
f6 9. Be3 O-O 10. Re1 d6 11. Nbd2 Kh8 12. h3 exd4 13. Nxd4 Nxd4 14. Bxd4 Bxd4
15. cxd4 d5 16. exd5 Qxd5 17. Ne4 Bf5 18. Bb3 Qd7 19. Nc5 Qc6 20. Rc1 Rfe8 21.
d5 Rxe1+ 22. Qxe1 Qb5 23. Ne6 Re8 24. Qd2 Qb6 25. Nxc7 Rd8 26. Qe3 Qxe3 27. fxe3
Rc8 28. Rc3 h5 29. a4 Ne5 30. a5 Nf7 31. Ne6 Rxc3 32. bxc3 Nd6 33. Nc5 Kg8 34.
Kf2 Be4 35. c4 Kf8 36. Ne6+ Ke7 37. c5 Nf5 38. g4 hxg4 39. hxg4 Nh6 40. Kg3 g6
41. Kf4 Bd3 42. d6+ Kd7 43. Nd4 g5+ 44. Kf3 f5 45. Be6+ Kd8 46. Nxf5 1-0

[Event "14th Asrian Memorial 2024"]
[Site "Yerevan ARM"]
[Date "2024.04.30"]
[Round "7.1"]
[White "Petrosyan, Manuel"]
[Black "Babujian, Levon"]
[Result "1-0"]
[WhiteTitle "GM"]
[BlackTitle "GM"]
[WhiteElo "2616"]
[BlackElo "2338"]
[WhiteFideId "13300857"]
[BlackFideId "13301993"]
[EventDate "2024.04.24"]

1. e4 c5 2. Nf3 e6 3. d4 cxd4 4. Nxd4 Nc6 5. Nc3 Qc7 6. Be3 a6 7. Qf3 Ne5 8. Qg3
Nf6 9. f4 Neg4 10. Bg1 Bb4 11. O-O-O Bxc3 12. bxc3 h5 13. Bd3 Qxc3 14. Nb3 a5
15. Bd4 Qb4 16. c3 Qa3+ 17. Kb1 b6 18. h3 a4 19. Nd2 Bb7 20. hxg4 Ra5 21. Nc4
Nxe4 22. Bxe4 Bxe4+ 23. Ka1 Qe7 24. Nxa5 bxa5 25. Rxh5 Rxh5 26. gxh5 Qa3 27.
Qxg7 Kd8 28. Qg5+ f6 1-0

[Event "14th Asrian Memorial 2024"]
[Site "Yerevan ARM"]
[Date "2024.04.30"]
[Round "7.2"]
[White "Hayrapetyan, Hovik"]
[Black "Pranesh, M"]
[Result "1/2-1/2"]
[WhiteTitle "GM"]
[BlackTitle "GM"]
[WhiteElo "2432"]
[BlackElo "2538"]
[WhiteFideId "13302639"]
[BlackFideId "35028600"]
[EventDate "2024.04.24"]

1. d4 d5 2. c4 e6 3. Nc3 Nf6 4. Nf3 c6 5. e3 Nbd7 6. Bd3 dxc4 7. Bxc4 b5 8. Bd3
Bb7 9. e4 b4 10. Na4 c5 11. e5 Nd5 12. O-O Rc8 13. Qe2 Be7 14. Bd2 O-O 15. Nxc5
Bxc5 16. dxc5 Nxc5 17. Bxh7+ Kxh7 18. Ng5+ Kg6 19. h4 Rh8 20. Qg4 f5 21. Qg3 f4
22. Bxf4 Nxf4 23. Nh3+ Kf7 24. Qxf4+ Kg8 25. Ng5 Qe8 26. Rac1 Qh5 27. f3 Rf8 28.
Qd4 Qxh4 29. Qxh4 Rxh4 30. Rxc5 Bd5 31. g4 Rh6 32. Rc2 Rg6 33. f4 Rh6 34. Rh2
Rc8 35. f5 Rc4 36. Rxh6 Rxg4+ 37. Kh2 Rg2+ 38. Kh3 Rxg5 39. Rxe6 Bxe6 40. fxe6 1/2-1/2

[Event "14th Asrian Memorial 2024"]
[Site "Yerevan ARM"]
[Date "2024.04.30"]
[Round "7.3"]
[White "Danielyan, Vahe"]
[Black "Ohanyan, Emin"]
[Result "0-1"]
[WhiteTitle "IM"]
[BlackTitle "GM"]
[WhiteElo "2331"]
[BlackElo "2488"]
[WhiteFideId "13304828"]
[BlackFideId "13312022"]
[EventDate "2024.04.24"]

1. d4 d5 2. Nf3 e6 3. Bf4 c5 4. e3 Qb6 5. Nc3 Bd7 6. Rb1 Nf6 7. Be2 Bd6 8. Ne5
cxd4 9. exd4 Nc6 10. Nxd7 Kxd7 11. Be3 a6 12. O-O Qc7 13. h4 Ne7 14. Qd3 h6 15.
Bf3 g5 16. h5 g4 17. Be2 Nf5 18. Rfe1 Rag8 19. b4 Bh2+ 20. Kf1 Bf4 21. Bxf4 Qxf4
22. g3 Qxd4 23. b5 a5 24. b6 Rc8 25. Nb5 Qc5 26. Nc7 Nd6 27. Kg2 Nfe4 28. Rf1 f5
29. a4 Rcf8 30. Nb5 Rhg8 31. Nxd6 Kxd6 32. c4 f4 33. gxf4 Rxf4 34. Qe3 Rgf8 35.
Qxc5+ Kxc5 36. cxd5 Rxf2+ 37. Kg1 Rxf1+ 38. Bxf1 exd5 39. Rb5+ Kc6 40. Bg2 Nc3
41. Rb3 Nxa4 42. Rd3 Nxb6 0-1

[Event "14th Asrian Memorial 2024"]
[Site "Yerevan ARM"]
[Date "2024.04.30"]
[Round "7.4"]
[White "Sukiasyan, Vahe A."]
[Black "Davtyan, Arsen"]
[Result "1/2-1/2"]
[BlackTitle "IM"]
[WhiteElo "2258"]
[BlackElo "2421"]
[WhiteFideId "13317245"]
[BlackFideId "13309315"]
[EventDate "2024.04.24"]

1. e4 e5 2. Nf3 Nc6 3. Bb5 a6 4. Ba4 Nf6 5. O-O Be7 6. d3 b5 7. Bb3 d6 8. a4 Bd7
9. h3 O-O 10. Be3 h6 11. Nc3 Na5 12. Ba2 c5 13. axb5 axb5 14. Nd5 Be6 15. Nxf6+
Bxf6 16. Bxe6 fxe6 17. c3 Qd7 18. b4 cxb4 19. cxb4 Nc6 20. Qb3 Kh7 21. Rfd1 Nd4
22. Bxd4 exd4 23. Rxa8 Rxa8 24. Re1 Rc8 25. e5 dxe5 26. Nxe5 Bxe5 27. Rxe5 Rc1+
28. Kh2 Qf7 29. Re4 Qxf2 30. Qxe6 Rd1 31. Rg4 Qg1+ 32. Kg3 Qe3+ 33. Qxe3 dxe3
34. Re4 Rxd3 35. Re5 Rd4 36. Rxe3 Rxb4 37. Re6 Rc4 38. Rb6 b4 39. Kf3 Rc3+ 40.
Kf4 Rc4+ 41. Kf3 Rc3+ 42. Kf4 b3 43. h4 Kg8 44. Rb7 Kf8 45. g4 Ke8 46. Kf5 Rf3+
47. Ke4 1/2-1/2

[Event "14th Asrian Memorial 2024"]
[Site "Yerevan ARM"]
[Date "2024.04.30"]
[Round "7.5"]
[White "Pogosyan, Stefan"]
[Black "Nalbandyan, Vahan"]
[Result "1-0"]
[WhiteTitle "IM"]
[WhiteElo "2387"]
[BlackElo "2110"]
[WhiteFideId "34159867"]
[BlackFideId "13309439"]
[EventDate "2024.04.24"]

1. d4 d5 2. c4 e6 3. Nc3 Nf6 4. Bg5 Be7 5. e3 h6 6. Bh4 O-O 7. Nf3 Ne4 8. Bxe7
Qxe7 9. Rc1 Nxc3 10. Rxc3 dxc4 11. Bxc4 Nd7 12. O-O e5 13. d5 Nb6 14. Bb3 Bf5
15. Nd2 e4 16. Qh5 Qd7 17. Rxc7 Qxc7 18. Qxf5 Rae8 19. Nxe4 Qe5 20. Qxe5 Rxe5
21. Nc5 Rb8 22. e4 g5 23. f4 gxf4 24. Rxf4 Kg7 25. Nd3 Nd7 26. Nxe5 Nxe5 27. Rf5
f6 28. Rf2 Re8 29. d6 b5 30. Rd2 Nd7 31. Bd5 Rd8 32. Bc6 Nc5 33. b4 1-0

[Event "14th Asrian Memorial 2024"]
[Site "Yerevan ARM"]
[Date "2024.04.30"]
[Round "7.7"]
[White "Shahinyan, David"]
[Black "Atoyan, Alberto"]
[Result "1-0"]
[WhiteTitle "IM"]
[BlackTitle "CM"]
[WhiteElo "2441"]
[BlackElo "2243"]
[WhiteFideId "13304380"]
[BlackFideId "13314831"]
[EventDate "2024.04.24"]

1. e4 e5 2. Nf3 Nf6 3. Nxe5 d6 4. Nf3 Nxe4 5. Nc3 Nxc3 6. dxc3 Be7 7. Bf4 O-O 8.
Qd2 Nd7 9. O-O-O Nf6 10. Bd3 Be6 11. Kb1 c5 12. Ng5 Qd7 13. Rhe1 h6 14. Nxe6
fxe6 15. Qe2 Nd5 16. Bb5 Nxf4 17. Bxd7 Nxe2 18. Bxe6+ Kh8 19. Rxe2 Rad8 20. Bd5
Bf6 21. Rde1 Be5 22. g3 g5 23. c4 Rf6 24. f3 h5 25. c3 Rd7 26. Kc2 Rg7 27. h4
Rfg6 28. f4 gxf4 29. gxf4 Bxf4 30. Re8+ Kh7 31. Be4 Be5 32. Rg1 1-0

[Event "14th Asrian Memorial 2024"]
[Site "Yerevan ARM"]
[Date "2024.04.30"]
[Round "7.8"]
[White "Hayrapetyan, Edgar"]
[Black "Korshunov, Sergey And."]
[Result "0-1"]
[WhiteTitle "FM"]
[WhiteElo "2340"]
[BlackElo "2286"]
[WhiteFideId "13313568"]
[BlackFideId "34274715"]
[EventDate "2024.04.24"]

1. d4 Nf6 2. c4 e6 3. Nf3 d5 4. Nc3 Be7 5. Bg5 O-O 6. e3 h6 7. Bh4 b6 8. cxd5
Nxd5 9. Bxe7 Qxe7 10. Nxd5 exd5 11. Rc1 Be6 12. Bd3 c5 13. O-O c4 14. Bb1 Nd7
15. Ne5 Rfe8 16. Qc2 Nf8 17. Rfe1 b5 18. Qd2 Qd6 19. h3 a5 20. f3 b4 21. e4 Rac8
22. Qf2 Red8 23. Rcd1 c3 24. b3 Rc7 25. Bc2 Re7 26. Ng4 dxe4 27. fxe4 Bxg4 28.
hxg4 Qf6 29. e5 Qxf2+ 30. Kxf2 Red7 31. Re4 Ne6 32. Ke3 Ng5 33. Rf4 Ne6 34. Re4
Kf8 35. Rd3 Ke7 36. Rd1 Rd5 37. g3 R8d7 38. Rd3 Ng5 39. Rf4 Ne6 40. Re4 Kd8 41.
Rd1 g5 42. Rd3 Kc7 43. Bb1 Kd8 44. Bc2 Ke8 45. Bb1 Ke7 46. Bc2 Nc7 47. Rd1 Nb5
48. Bb1 Rd8 49. Bc2 R8d7 50. Bb1 Kd8 51. Bc2 Kc7 52. Bb1 Kb6 53. Bc2 Rd8 54. Bb1
R5d7 55. Bc2 Ka7 56. Bb1 Kb7 57. Bc2 Kb6 58. Bb1 Nc7 59. Bc2 Ne6 60. Rd3 Rd5 61.
Bb1 Rh8 62. Rd1 h5 63. Bd3 h4 64. Bc4 Rdd8 65. d5 Nc5 66. Red4 h3 67. Kf3 Rde8
68. e6 fxe6 69. dxe6 Kc7 70. Kf2 h2 71. Bd5 Nxe6 72. Rc4+ Kb8 73. Rc6 Rd8 74.
Rb6+ Ka7 75. Rb7+ Ka6 76. Re7 Rxd5 0-1

[Event "14th Asrian Memorial 2024"]
[Site "Yerevan ARM"]
[Date "2024.05.01"]
[Round "8.2"]
[White "Pranesh, M"]
[Black "Ohanyan, Emin"]
[Result "1-0"]
[WhiteTitle "GM"]
[BlackTitle "GM"]
[WhiteElo "2538"]
[BlackElo "2488"]
[WhiteFideId "35028600"]
[BlackFideId "13312022"]
[EventDate "2024.04.24"]

1. e4 e5 2. Nf3 Nc6 3. Bc4 Nf6 4. Ng5 d5 5. exd5 Na5 6. Bb5+ c6 7. dxc6 bxc6 8.
Qf3 h6 9. Ne4 cxb5 10. Nxf6+ gxf6 11. Qxa8 Qd7 12. Qf3 Bb7 13. Qe2 Bxg2 14. Rg1
Rg8 15. Nc3 Nc6 16. Ne4 Qf5 17. c3 Bxe4 18. Rxg8 Bd3 19. Qg4 Qh7 20. Qc8+ Nd8
21. Rxf8+ Kxf8 22. Qxd8+ Kg7 23. f3 Qg6 24. Kf2 Bf5 25. d3 Qh5 26. Bf4 exf4 27.
Rg1+ Bg6 28. Rg2 Qh4+ 29. Kf1 Qh5 30. Rf2 Qh3+ 31. Kg1 Qe6 32. Qd4 Qxa2 33. c4
Qa4 34. Kg2 Qb4 35. Qd5 Qb3 36. Qd4 Qb4 37. h4 h5 38. Qd5 Qb3 39. Qxb5 Qxb5 40.
cxb5 Bxd3 41. Rd2 Bxb5 42. Rd5 a6 43. Rxh5 Kg6 44. Rd5 Bc4 45. Rc5 Bb3 46. Ra5
Bc4 47. Ra4 Bd3 48. Rxf4 Bb5 49. Rg4+ Kh6 50. b4 Bd7 51. Rf4 Kg7 52. Kf2 Be6 53.
Ke3 Kg6 54. Kd4 Bd7 55. Ke4 1-0

[Event "14th Asrian Memorial 2024"]
[Site "Yerevan ARM"]
[Date "2024.05.01"]
[Round "8.3"]
[White "Andriasian, Zaven"]
[Black "Shahinyan, David"]
[Result "1-0"]
[WhiteTitle "GM"]
[BlackTitle "IM"]
[WhiteElo "2570"]
[BlackElo "2441"]
[WhiteFideId "13302000"]
[BlackFideId "13304380"]
[EventDate "2024.04.24"]

1. e4 d6 2. d4 Nf6 3. Nc3 e5 4. Nf3 Nbd7 5. Bc4 Be7 6. O-O O-O 7. Re1 c6 8. a4
h6 9. h3 Re8 10. a5 Bf8 11. d5 b5 12. Bb3 cxd5 13. Nxd5 Bb7 14. a6 Bxd5 15. Bxd5
Nxd5 16. Qxd5 Rb8 17. Bd2 Nf6 18. Qb3 Qd7 19. Be3 Rec8 20. Nd2 d5 21. exd5 Nxd5
22. Nf3 e4 23. Ne5 Qe6 24. Bd4 Bd6 25. Rxe4 f6 26. Rae1 fxe5 27. Rxe5 Bxe5 28.
Rxe5 Qf7 29. Rxd5 Rd8 30. Qg3 Rxd5 31. Qxb8+ Kh7 32. Bxa7 Rd1+ 33. Kh2 Ra1 34.
Be3 Rxa6 35. Qxb5 Qc7+ 36. g3 Ra1 37. c3 Qd8 38. Qf5+ Kg8 39. Qe6+ Kh8 40. Bd4
Kh7 41. Qe4+ Kg8 42. h4 Qd7 43. b4 Ra6 44. Qe5 Re6 45. Qf5 Qc6 46. b5 g6 47.
Qxg6+ Rxg6 48. bxc6 Rxc6 49. h5 Kf7 50. g4 Ke6 51. Kg3 Rc8 52. Bg7 Rc7 53. Bxh6
Rxc3+ 54. f3 Kf6 55. Bf4 Rb3 56. Bc1 Rb1 57. Bd2 Rd1 58. Be3 Rb1 59. f4 Rb3 60.
Kf3 Rb4 61. Bf2 Ra4 62. Bc5 Rc4 63. Bd6 Rc3+ 64. Ke4 Rc4+ 65. Kd5 Rc1 66. Be5+
Kf7 67. Ke4 Rh1 68. Bd4 Rh4 69. Kf5 Rh1 70. Kg5 Rd1 71. Be5 Re1 72. Kh6 Rg1 73.
g5 Kg8 74. Kg6 Rb1 75. h6 Rb7 76. Kh5 Ra7 77. g6 Rg7 78. h7+ 1-0

[Event "14th Asrian Memorial 2024"]
[Site "Yerevan ARM"]
[Date "2024.05.01"]
[Round "8.4"]
[White "Davtyan, Arsen"]
[Black "Pogosyan, Stefan"]
[Result "0-1"]
[WhiteTitle "IM"]
[BlackTitle "IM"]
[WhiteElo "2421"]
[BlackElo "2387"]
[WhiteFideId "13309315"]
[BlackFideId "34159867"]
[EventDate "2024.04.24"]

1. e4 c5 2. Nf3 e6 3. b3 a6 4. Bb2 b5 5. d4 cxd4 6. Nxd4 Bb7 7. Bd3 d6 8. Nd2
Nf6 9. O-O Nbd7 10. b4 Be7 11. f4 O-O 12. Qe2 Nb6 13. Rae1 Nc4 14. Ba1 Nxd2 15.
Qxd2 d5 16. exd5 Nxd5 17. a3 Bf6 18. Nb3 Bxa1 19. Rxa1 Qb6+ 20. Nc5 Rfd8 21. Kh1
Bc6 22. Rae1 Qc7 23. f5 e5 24. Qf2 Nf6 25. Qg3 Re8 26. Re3 Ra7 27. Qh4 h6 28.
Be4 a5 29. h3 axb4 30. axb4 Ra2 31. Bd3 e4 32. Bxe4 Rxc2 33. Ne6 Bxe4 34. Nxc7
Bxg2+ 35. Kg1 Rxe3 36. Rf2 Rc4 37. Rf4 Be4 38. Nxb5 Re2 39. Rf2 Re1+ 40. Kh2
Rh1+ 41. Kg3 Rxb4 42. Re2 Rb3+ 43. Kf4 Rhxh3 0-1

[Event "14th Asrian Memorial 2024"]
[Site "Yerevan ARM"]
[Date "2024.05.01"]
[Round "8.5"]
[White "Babujian, Levon"]
[Black "Sukiasyan, Vahe A."]
[Result "0-1"]
[WhiteTitle "GM"]
[WhiteElo "2338"]
[BlackElo "2258"]
[WhiteFideId "13301993"]
[BlackFideId "13317245"]
[EventDate "2024.04.24"]

1. e4 e5 2. Nf3 Nc6 3. Bc4 Nf6 4. Nc3 Bc5 5. d3 h6 6. Be3 Bxe3 7. fxe3 d6 8. O-O
O-O 9. a4 a5 10. Qd2 Ne7 11. d4 Ng6 12. h3 Re8 13. Qf2 Be6 14. d5 Bd7 15. g4 h5
16. gxh5 Nxh5 17. Kh2 Nf8 18. Rg1 Nh7 19. Raf1 Qf6 20. Be2 Re7 21. Qg2 Qh6 22.
Nh4 N5f6 23. Qg3 Kh8 24. Bb5 g6 25. Bxd7 Rxd7 26. Rf3 Nh5 27. Qf2 Ng5 28. Rf6
Rg8 29. Qf5 Kh7 30. Rxg6 fxg6 31. Qxd7+ Rg7 32. Qg4 Nf7 33. Rf1 Ng5 34. Nd1 c6
35. c4 cxd5 36. exd5 b6 37. b3 e4 38. Nc3 Re7 39. Nb5 Nf7 40. Nd4 Ne5 41. Qxe4
Qg5 42. Rg1 Qf6 43. Ne6 Kh6 44. Kh1 Rf7 45. Ng5 Rf8 46. Ngf3 g5 47. Nxg5 Qxg5
48. Rxg5 Kxg5 49. Kg2 Rf7 50. Qd4 Rf6 51. Qe4 Rf7 52. Qd4 Rf6 53. Qxb6 Kxh4 54.
Qxa5 Rg6+ 55. Kf2 Ng3 56. Qd8+ Kxh3 57. Qh8+ Kg4 58. a5 Nd3+ 59. Kg2 Ne1+ 60.
Kf2 Nd3+ 61. Kg2 Ne1+ 62. Kg1 Kf3 63. Qf8+ Ke2 64. Qf2+ Kd1 65. Kh2 Ne2 66. Kh3
Kd2 67. Kh4 Nd3 68. Qf8 Ne5 69. a6 Kxe3 70. a7 Nf4 0-1

[Event "14th Asrian Memorial 2024"]
[Site "Yerevan ARM"]
[Date "2024.05.01"]
[Round "8.8"]
[White "Hakobyan, Erik"]
[Black "Hakobyan, Menua"]
[Result "1-0"]
[WhiteTitle "FM"]
[WhiteElo "2383"]
[BlackElo "2107"]
[WhiteFideId "13313940"]
[BlackFideId "13313274"]
[EventDate "2024.04.24"]

1. c4 e6 2. Nf3 d5 3. e3 Nf6 4. Nc3 c5 5. d4 a6 6. a3 dxc4 7. Bxc4 b5 8. Bd3 Bb7
9. dxc5 Bxc5 10. O-O O-O 11. b4 Bd6 12. Bb2 h6 13. Rc1 Qe7 14. Qe2 Nbd7 15. Rfd1
Rfd8 16. Nd2 Ne5 17. Bb1 Rac8 18. Nce4 Nxe4 19. Rxc8 Rxc8 20. Bxe4 Bxe4 21. Nxe4
Nc4 22. Nxd6 Nxd6 23. Qg4 f6 24. Bd4 Nb7 25. h3 Rc4 26. Qg6 e5 27. Ba7 Rc8 28.
Qg4 Rd8 29. Rc1 Rd6 30. Bb8 Rd7 31. Rc8+ Nd8 32. Qe4 Rd1+ 33. Kh2 Kf7 34. Qa8
Ne6 35. Qxa6 Qd7 36. Rc6 Rf1 37. Rd6 Qe8 38. Qb7+ Kg6 39. f3 Kh7 40. Qe4+ Kh8
41. Qc6 Qxb8 42. Rxe6 Kh7 43. Re8 Qa7 44. Qc2+ 1-0

[Event "14th Asrian Memorial 2024"]
[Site "Yerevan ARM"]
[Date "2024.05.02"]
[Round "9.1"]
[White "Petrosyan, Manuel"]
[Black "Andriasian, Zaven"]
[Result "1-0"]
[WhiteTitle "GM"]
[BlackTitle "GM"]
[WhiteElo "2616"]
[BlackElo "2570"]
[WhiteFideId "13300857"]
[BlackFideId "13302000"]
[EventDate "2024.04.24"]

1. e4 c5 2. Nf3 d6 3. Bb5+ Nc6 4. O-O Bd7 5. Re1 Nf6 6. c3 a6 7. Bf1 Bg4 8. d4
e5 9. dxc5 dxc5 10. Qxd8+ Rxd8 11. Nfd2 Be7 12. a4 Nd7 13. Nc4 Be6 14. a5 O-O
15. Be3 g6 16. Nbd2 f5 17. Bh6 Rfe8 18. exf5 gxf5 19. Nf3 e4 20. Ng5 Bf8 21.
Nxe6 Rxe6 22. Bf4 Nde5 23. Bxe5 Nxe5 24. f4 Nc6 25. Red1 Ree8 26. Be2 Be7 27.
Ne3 Bd6 28. g3 Ne7 29. Bc4+ Kg7 30. Bd5 c4 31. Bxc4 Bc5 32. Kf2 h5 33. h4 Kf6
34. Ke2 Bxe3 35. Kxe3 Nc8 36. Be2 Nd6 37. Rd4 Rg8 38. Rg1 Nf7 39. Rxd8 Nxd8 40.
Bxh5 Nc6 41. b4 Ne7 42. Kd4 Rh8 43. Be2 Rd8+ 44. Kc5 Rd2 45. Bc4 Rc2 46. Rd1
Rxc3 47. Rd6+ Kg7 48. Rd7 Kf8 49. Rxb7 e3 50. Rb8+ Kg7 51. Rb6 e2 52. Re6 1-0

[Event "14th Asrian Memorial 2024"]
[Site "Yerevan ARM"]
[Date "2024.05.02"]
[Round "9.2"]
[White "Sukiasyan, Vahe A."]
[Black "Pranesh, M"]
[Result "1-0"]
[BlackTitle "GM"]
[WhiteElo "2258"]
[BlackElo "2538"]
[WhiteFideId "13317245"]
[BlackFideId "35028600"]
[EventDate "2024.04.24"]

1. d4 d5 2. c4 e6 3. Nf3 c6 4. e3 Nf6 5. Nc3 Nbd7 6. Qc2 Bd6 7. Bd3 O-O 8. O-O
dxc4 9. Bxc4 e5 10. h3 Qe7 11. Re1 e4 12. Ng5 Nb6 13. Bb3 Bb4 14. f3 exf3 15.
Nxf3 c5 16. a3 Ba5 17. Ba2 Be6 18. Bb1 h6 19. e4 Nh7 20. d5 Bd7 21. e5 g6 22. e6
fxe6 23. Qxg6+ Qg7 24. dxe6 Be8 25. Qxh6 Qxh6 26. Bxh6 Rf6 27. Bxh7+ Kxh7 28.
Bg5 Rg6 29. h4 Nc4 30. Re2 Bc6 31. Ne4 Kg7 32. Nxc5 Bb6 33. b4 a5 34. Rc1 Nxa3
35. Nd4 axb4 36. Nxc6 bxc6 37. Kh2 Re8 38. e7 Bxc5 39. Rxc5 Nb5 40. h5 Rd6 41.
Rf5 Nc7 42. Ref2 Ne6 43. Rf7+ Kg8 44. h6 Nxg5 45. Rg7+ Kh8 46. Rf8+ 1-0

[Event "14th Asrian Memorial 2024"]
[Site "Yerevan ARM"]
[Date "2024.05.02"]
[Round "9.3"]
[White "Pogosyan, Stefan"]
[Black "Hayrapetyan, Hovik"]
[Result "1-0"]
[WhiteTitle "IM"]
[BlackTitle "GM"]
[WhiteElo "2387"]
[BlackElo "2432"]
[WhiteFideId "34159867"]
[BlackFideId "13302639"]
[EventDate "2024.04.24"]

1. c4 Nf6 2. Nc3 e6 3. Nf3 d5 4. e3 dxc4 5. Bxc4 a6 6. a4 c5 7. d4 cxd4 8. exd4
Be7 9. O-O O-O 10. d5 exd5 11. Nxd5 Nxd5 12. Bxd5 Nd7 13. Nd4 Nc5 14. Qf3 Be6
15. Nf5 Bxd5 16. Qxd5 Re8 17. Qf3 Bf8 18. Be3 Qb6 19. Rac1 Rac8 20. Rc4 Qe6 21.
Rfc1 Nd3 22. Rxc8 Rxc8 23. Rxc8 Qxc8 24. h4 Qc6 25. Qxc6 bxc6 26. b3 c5 27. Kf1
g6 28. Ke2 Ne5 29. Bf4 Nc6 30. Nd6 Be7 31. g3 Nd4+ 32. Kd3 Ne6 33. Be5 f6 34.
Nc8 Kf7 35. Bb8 Nd4 36. Kc4 Nc6 37. Nxe7 Kxe7 38. Bc7 Kd7 39. Bb6 Ne5+ 40. Kxc5
h5 41. Kd5 Nc6 42. Bd4 Ne7+ 43. Kc5 Ke6 44. b4 g5 45. b5 axb5 46. axb5 gxh4 47.
gxh4 f5 48. b6 Kd7 49. Be5 Kc8 50. Bd6 1-0

[Event "14th Asrian Memorial 2024"]
[Site "Yerevan ARM"]
[Date "2024.05.02"]
[Round "9.4"]
[White "Ohanyan, Emin"]
[Black "Hakobyan, Erik"]
[Result "1-0"]
[WhiteTitle "GM"]
[BlackTitle "FM"]
[WhiteElo "2488"]
[BlackElo "2383"]
[WhiteFideId "13312022"]
[BlackFideId "13313940"]
[EventDate "2024.04.24"]

1. d4 Nf6 2. Nf3 e6 3. c4 b6 4. a3 Bb7 5. Nc3 d5 6. Bf4 a6 7. e3 Nbd7 8. cxd5
exd5 9. Bd3 Be7 10. h3 O-O 11. O-O Re8 12. Rc1 c5 13. Bb1 Nf8 14. Ne5 Ne6 15.
Bh2 Rc8 16. Kh1 b5 17. Ne2 Qb6 18. Qd3 g6 19. f4 Ng7 20. f5 g5 21. Nc3 cxd4 22.
exd4 b4 23. axb4 Qxb4 24. Ng4 Qxb2 25. Be5 Ngh5 26. Qe3 Nxg4 27. hxg4 Nf4 28.
Rc2 Qa3 29. g3 Bb4 30. gxf4 f6 31. Nd1 fxe5 32. fxe5 h6 33. f6 Kf7 34. Qxa3 Bxa3
35. Ne3 h5 36. Rxc8 Rxc8 37. gxh5 Rc3 38. Bg6+ Kf8 39. Rb1 1-0